Szczegóły MARC21

The psychologist's companion : a guide to writing scientific papers for students and researchers /

005 -DATA I CZAS OSTATNIEJ MODYFIKACJI [,]
    • @
    • pole kontrolne
    • 20141224081116.0
020 -Międzynarod. znormalizowany nr książki - ISBN [ , ]
    • a
    • Numer ISBN
    • 9780521195713 Find
020 -Międzynarod. znormalizowany nr książki - ISBN [ , ]
    • a
    • Numer ISBN
    • 9780521144827 Find
040 -Instytucja sporządzająca opis [ , ]
    • a
    • Instytucja, która sporządziła opis (NP)
    • SZCZ U/JG
    • c
    • Instytucja, która sporządziła rekord (NP)
    • SZCZ U/JG
    • d
    • Instytucja, która zmodyfikowała rekord (P)
    • SZCZ U/ML
041 -Język dokumentu [0, ]
    • a
    • Język tekstu (P)
    • angielski
044 -Kraj miejsca wydania [ , ]
    • a
    • Kraj miejsca wydania
    • USA
942 -Rodzaj dokumentu [ , ]
    • c
    • Rodzaj dokumentu
    • Książka
100 -Hasło główne - nazwa osobowa [1, ]
    • 9
    • KHW
    • 46963
    • a
    • Nazwa osobowa (NP)
    • Sternberg, Robert J.
245 -Strefa tytułu i oznaczenia odpowiedzialności [1,4]
    • a
    • Tytuł
    • The psychologist's companion : Find
    • b
    • Ciąg dalszy tytułu (NP)
    • a guide to writing scientific papers for students and researchers / Find
    • c
    • Pozostałe elementy strefy tytułu i oznaczenia odpowiedzialności (NP)
    • Robert J. Sternberg, Karin Sternberg.
250 -Strefa wydania [ , ]
    • a
    • Oznaczenie wydania (NP)
    • 5th ed., reprint.
260 -Strefa adresu wydawniczego [ , ]
    • a
    • Miejsce wydania (P)
    • New York :
    • b
    • Nazwa wydawcy (P)
    • Cambridge University Press,
    • c
    • Data wydania (P)
    • 2011.
300 -Strefa opisu fizycznego [ , ]
    • a
    • Określenie formy książki i/lub objętość (NP)
    • X, 366 s. :
    • b
    • Oznaczenie ilustracji (NP)
    • il. ;
    • c
    • Format (NP)
    • 23 cm.
504 -Uwaga dot. bibliogr. załącznikowej [ , ]
    • a
    • Uwaga dot. bibliografii załącznikowej
    • Bibliogr. s. 331-336. Indeks.
080 -Uniwersalna Klasyfikacja Dziesiętna [ , ]
    • 2
    • Identyfikator wydania tablic
    • UDC-P058
    • 9
    • UKD
    • 2406
    • a
    • Symbol klasyfikacji
    • 159.9
    • b
    • Dopowiedzenie
    • Psychologia.
    • 4
    • UKD2
    • 8168
    • x
    • Poddział wspólny
    • (083.1)
    • c
    • Dopowiedzenie poddz. wspólnego
    • (Przepisy. Instrukcje. Poradniki praktyczne).
    • 4
    • UKD2
    • 7644
    • x
    • Poddział wspólny
    • =111
    • c
    • Dopowiedzenie poddz. wspólnego
    • =Język angielski.
080 -Uniwersalna Klasyfikacja Dziesiętna [ , ]
    • 2
    • Identyfikator wydania tablic
    • UDC-P058
    • 9
    • UKD
    • 1892
    • a
    • Symbol klasyfikacji
    • 001.81
    • b
    • Dopowiedzenie
    • Metodyka i technika pracy umysłowej. Dyskusja.
    • 4
    • UKD2
    • 8168
    • x
    • Poddział wspólny
    • (083.1)
    • c
    • Dopowiedzenie poddz. wspólnego
    • (Przepisy. Instrukcje. Poradniki praktyczne).
    • 4
    • UKD2
    • 7644
    • x
    • Poddział wspólny
    • =111
    • c
    • Dopowiedzenie poddz. wspólnego
    • =Język angielski.
080 -Uniwersalna Klasyfikacja Dziesiętna [ , ]
    • 2
    • Identyfikator wydania tablic
    • UDC-P058
    • 9
    • UKD
    • 3959
    • a
    • Symbol klasyfikacji
    • 378.245
    • b
    • Dopowiedzenie
    • Stopnie naukowe uzyskiwane na podstawie dysertacji. Prace doktorskie i habilitacyjne. Wymagania dotyczące prac (rozpraw) naukowych.
    • 4
    • UKD2
    • 8168
    • x
    • Poddział wspólny
    • (083.1)
    • c
    • Dopowiedzenie poddz. wspólnego
    • (Przepisy. Instrukcje. Poradniki praktyczne).
    • 4
    • UKD2
    • 7644
    • x
    • Poddział wspólny
    • =111
    • c
    • Dopowiedzenie poddz. wspólnego
    • =Język angielski.
980 -Symbol UKD [ , ]
    • a
    • UKD
    • 159.9:001.81:378.245](083.1)=111
700 -Hasło dodatkowe - nazwa osobowa [1, ]
    • 9
    • KHW
    • 579721
    • a
    • Nazwa osobowa (NP)
    • Sternberg, Karin Find
    • d
    • Daty biograficzne (NP)
    • (1976- ).
710 -Hasło dodatkowe - nazwa ciała zbiorowego [2, ]
    • 4
    • Kod relacji
    • pbl
    • 9
    • KHW
    • 615085
    • a
    • Nazwa ciała zbiorowego lub nazwa geograficzna jako pierwszy element (NP)
    • Cambridge University Press.
920 -ISBN [ , ]
    • a
    • ISBN
    • 978-0-521-19571-3 (hardback) Find
920 -ISBN [ , ]
    • a
    • ISBN
    • 978-0-521-14482-7 (paperback) Find
Data inwentaryzacji Lokalizacja Sygnatura Numer inwentarzowy Status udost.
2014-05-13TT.16890T.16890-2